60 personnages - La Passeuse de Mots - Statistiques

Statistiques générales
  • Ce quiz a été pris 22 fois
  • Le résultat moyen est 25 sur 60
Statistiques - réponses
Hint Réponse % Correct
4. Alric Harrington
100%
2. Killian Nightbringer
100%
9. Aïdan Ravenwood
89%
1. Arya Rosenwald
89%
16. Démétra
89%
7. Lilith Rosenwald
89%
15. Megara
89%
5. Oyana Rosenwald
89%
14. Reina Bloomberg
89%
8. Samuel Rosenwald
89%
17. Teslan Lovelace
89%
13. Abel Ravenwood
78%
25. Nergal
78%
3. Saren Delatour
78%
27. Cassandre
67%
11. Héldon Ravenwood
67%
6. Phinéas Rosenwald
67%
12. Priam Ravenwood
67%
10. Gallicia Ravenwood
56%
31. Khamsin
56%
30. Loothar
56%
26. Rose
56%
32. Ezra Nightbringer
44%
21 Ignis
44%
46. Maître Jownah
44%
18. Tec
44%
45. Ferraille
33%
22. Lesath
33%
42. Victoria
33%
37. Virgo Bellamy
33%
41. Avery
22%
55. Bryne Laclos
22%
50. Esther
22%
19. Gallyn
22%
33. Glück
22%
43. Lyseron
22%
39. Rousseau Bellamy
22%
49. Sydän
22%
40. Thétys
22%
44. Thorval
22%
59. Chéron
11%
23. Dhalia
11%
28. Elen
11%
60. Érèbe
11%
48. Hélios
11%
35. Iphas
11%
54. Kyklos Tidus Tarquin
11%
24. Le Fasciné
11%
20. Lorcall
11%
52. Maître Onome
11%
36. Mnémé
11%
47. Naessis
11%
34. Nym
11%
51. Petit Truc
11%
53. Puzzle
11%
38. Sivane Bellamy
11%
56. Tara Delatour
11%
29. Winema
11%
58. Garius Delatour
0%
57. Violette Delatour
0%
Aucun quiz correspondant
Distribution des résultats
% des personnes avec chaque résultat
Percentile par nombre de réponses
Votre historique - résultats
Vous n’avez pas pris ce quiz